Filosofía del Lenguaje : Ensayos

Uloženo v:
Podrobná bibliografie
Hlavní autor: Vossler, Karl
Médium: Kniha
Jazyk:Undetermined
Vydáno: Buenos Aires, Argentina Editorial Losada 1957
Témata:
Tagy: Přidat tag
Žádné tagy, Buďte první, kdo vytvoří štítek k tomuto záznamu!

MARC

LEADER 00000nam a2200000Ia 4500
008 170316s9999 xx 000 0 und d
090 |a 100 V-26f 
100 |a Vossler, Karl 
245 |a Filosofía del Lenguaje : Ensayos 
260 |a Buenos Aires, Argentina 
260 |b Editorial Losada 
260 |c 1957 
300 |a 283 páginas 
650 |a FILOSOFÍA 
999 |c 17869  |d 17869 
040 |a cru BVZT 
942 |c 15 D  |h 100 V-26f  |2 z